000 01638cam a2200253 4500
001 ABS67867
008 040513n2004 000 0 eng u
035 _a(Sirsi) u126191
245 _aRosemary Nweze and Christian Nweze v Nwoko
260 _c2004
520 _a[2004] EWCA Civ 379, 29 March 2004. Appellant appealed against the Recorder's decision that the compromise oral agreement between the parties to sell a property at the best price,could not be enforced under the Law of Property (Miscellaneous Provisions) Act 1989 s2 as it did not fulfil the criteria of being a contract for sale or other deposition of an interest in the land. The Recorder had also ruled that the original sale agreement was not enforceable under s2 of the Act and this was not part of the appeal. The terms of the compromise oral agreement are outlined in para 6 and the legal interpretation of s2 are discussed in para 14."Held": that the compromise agreement was not enforceable under s2. View judgment at www.bailii.org.
590 _aABS
590 _aABS
590 _aABS
650 _aNWEZE AND ANOTHER V NWOKO
650 _aLAW OF PROPERTY (MISCELLANEOUS PROVISIONS) ACT 1989 S2
650 _aORAL AGREEMENTS
650 _aCONTRACT FOR SALE
690 _aPROPERTY AND LAND LAW-CASE LAW
856 _uhttps://www.bailii.org/ew/cases/EWCA/Civ/2004/379.html
_zView judgment on the BAILII website...
856 _uhttps://www.bailii.org/ew/cases/EWCA/Civ/2004/379.html
_zView judgment on the BAILII website...
856 _uhttps://www.bailii.org/ew/cases/EWCA/Civ/2004/379.html
_zView judgment on the BAILII website...
942 _n0
999 _c117346
_d117346